00838nam a2200265Ia 450000500170000000800410001702000180005810000430007624500630011925000200018230000270020249000240022965000310025365000330028465000290031765000340034694200150038026400280039533600270042333700330045033800280048304000350051108400110054699900150055720220317001152.0160825s2007 sp g 000 0 spa  a97884376020121 aGóngora y Argote, Luis ded1561-162710aSoledadescLuis de Góngora ; edicicón de John Beverley a13a. edición  a174 páginas c20 cm  aLetras hispánicas142LEMBaPoesía española 142LEMBaLiteratura española 142LEMB aPoesía épica 142LEMB aAmor en la literatura  2loccBKLIT aMadridbCátedrac2007 atextobtxt2rdacontent asin mediaciónbn2rdamedia avolumenbnc2rdacarrier aCO-BoRNBPbspaerdacCO-BoRNBP aP GON2 c6135d6135